| 000 | 00669nam a2200241Ia 4500 | ||
|---|---|---|---|
| 003 | OSt | ||
| 005 | 20220928125007.0 | ||
| 006 | a|||||r|||| 00| 0 | ||
| 007 | ta | ||
| 008 | 220927b |||||||| |||| 00| 0 eng d | ||
| 024 | _a27716 | ||
| 037 | _cTextual | ||
| 040 |
_aSDCL _cSDCL _beng |
||
| 041 |
_2eng _aeng |
||
| 082 | _aV2y7M69:(W), K7 | ||
| 100 | _aBose Nirmal Kumar | ||
| 245 | 0 | _aGandhi in Indian Politics. | |
| 260 |
_aNew Delhi _bLalvani Publishing House _c1967 |
||
| 300 |
_axvi,94p _ccm. |
||
| 700 |
_a Patwardhan P H _9467471 |
||
| 942 |
_hV2y7M69:(W), K7 _cTEXL _2CC |
||
| 999 |
_c780322 _d780322 |
||